[Event "Dortmund SuperGM 40th"]
[Site "Dortmund"]
[Date "2012.07.14"]
[Round "2"]
[White "Gustafsson, Jan"]
[Black "Kramnik, Vladimir"]
[Result "0-1"]
[WhiteElo "2629"]
[BlackElo "2799"]
[Annotator "Krasenkow,M"]
[PlyCount "54"]
[EventDate "2012.07.13"]
[EventType "tourn"]
[EventRounds "9"]
[EventCountry "GER"]
[EventCategory "19"]
[SourceTitle "CBM 150"]
[Source "ChessBase"]
[SourceDate "2012.09.14"]
[SourceVersion "1"]
[SourceVersionDate "2012.09.14"]
[SourceQuality "1"]

1. d4 Nf6 2. c4 g6 3. Nc3 Bg7 4. e4 d6 5. Nf3 O-O 6. Be2 e5 7. Be3 c6 8. O-O
exd4 9. Nxd4 Re8 10. f3 d5 11. cxd5 Nxd5 12. Nxd5 cxd5 13. Rc1 (13. Qb3 {
is played more often}) 13... a5 $1 $146 {[%mdl 8] Black anticipates Qd1-b3 as
that is White's most logical way of development.} (13... dxe4 14. fxe4 Bxd4 (
14... Rxe4 $2 15. Ne6 $1 Qd7 16. Nxg7 Kxg7 17. Qb3 $40) 15. Bxd4 Nc6 16. Bf6
Qxd1 17. Rfxd1 Be6 18. b3 $14 {1/2 Dimitrijeski,B (2222)-Jovanic,O (2476)/
Rijeka 2011/EXT 2012 (44)}) (13... a6 14. Qb3 dxe4 15. fxe4 Rf8 16. Rxf7 Rxf7
17. Rf1 Bf6 18. e5 Kg7 {0-1 Handke,F (2413)-Atalik,S (2575)/Cappelle la Grande
2000/CBM 074 ext (28)} 19. exf6+ Rxf6 20. Qc3 $1 $18) (13... Nc6 14. Nxc6 bxc6
15. Rxc6 Bb7 16. Rc1 $1 (16. Rc2 dxe4 17. f4 (17. Qxd8 Raxd8 18. f4 Bd4 19.
Bxd4 (19. Kf2 Bxe3+ 20. Kxe3 Rd3+ $1) 19... Rxd4 20. Rc7 Bd5 21. Rd7 e3 22. Re1
Rd2 $15 {1/2 Shankland,S (2539)-Vorobiov,E (2574)/Dresden 2011/CBM 143 Extra 
(29)}) 17... Qe7 18. f5 Rac8 19. Bc4 Rxc4 20. Rxc4 Ba6 $11 {0-1 Guo Qi (2351)
-Ju Wenjun (2557)/Xinghua CHN 2012/The Week in Chess 909 (63)}) 16... dxe4 17.
Qxd8 Raxd8 18. f4 Bd4 19. Kf2 Bxe3+ 20. Kxe3 Kf8 21. Rc7 Re7 22. Rfc1 Bd5 23.
b3 h5 24. f5 gxf5 25. Bxh5 $14 {1/2 Gustafsson,J (2647)-Maze,S (2559)/
Aix-les-Bains 2011/CBM 142 (47)}) 14. Qb3 {Other moves are harmless but maybe
it was time to moderate ambitions, e.g.} (14. Bd3 Nc6 15. Nxc6 bxc6 16. Rxc6
dxe4 17. Bxe4 Qxd1 18. Rxd1 Bb7 19. Rc4 Bxe4 20. fxe4 Bxb2 $11) 14... a4 15.
Qxd5 (15. Qa3 $142 $1 dxe4 16. Rcd1 $44 {needs further checking}) 15... Qxd5
16. exd5 a3 $1 17. b3 (17. bxa3 Bd7 18. Nc2 Rxe3 19. Nxe3 Bd4) 17... Nc6 $1 {
[%cal Re8e3]} 18. Nc2 Rxe3 $1 {[%mdl 512] An excellent exchange sacrifice.
Black's a3-pawn becomes a decisive factor.} 19. Nxe3 Nb4 20. Rc4 (20. Rc7 $142
$1 Bd4 (20... Nxa2 21. d6 $1 $132) 21. Re7 Bf5 $1 {more convincing than} (21...
Nxa2 22. Re8+ Kg7 23. d6 Nc3 24. Kf2 $1 Nd5 25. d7) (21... Nxd5 22. Re8+ Kg7
23. Kh1 $1 Nxe3 24. Rc1) 22. Rd1 $1 Bc5 23. d6 Nxa2 {In this sharp position
Black keeps better prospects after all.}) 20... Nxa2 21. Ra4 $2 {A bad move
but White faces difficult defence in any case, e.g. after} (21. Nc2 Nc3 22. Bd3
a2 {[%csl Ga2]}) 21... Rxa4 22. bxa4 Bd4 23. Kf2 $2 (23. Bc4 $142 Bxe3+ 24. Kh1
Nb4 25. Ra1 {, although after} Bc5 26. Rxa3 Nxd5 27. Rd3 Ne7 {Black's material
advantage should be enough to win.}) 23... Nb4 24. Rc1 (24. Rd1 Ba7 25. Bc4 Nc2
26. Rd3 Bf5 27. Rc3 Nxe3 28. Rxe3 Bb1 29. d6 Kf8 30. d7 Bxe3+ 31. Kxe3 Ke7 $19)
24... a2 $1 25. Rxc8+ Kg7 26. Rc1 Nxd5 27. Rd1 Nxe3 0-1

[Event "Dortmund SuperGM 40th"]
[Site "Dortmund"]
[Date "2012.07.19"]
[Round "6"]
[White "Gustafsson, Jan"]
[Black "Naiditsch, Arkadij"]
[Result "0-1"]
[WhiteElo "2629"]
[BlackElo "2700"]
[Annotator "Krasenkow,M"]
[PlyCount "50"]
[EventDate "2012.07.13"]
[EventType "tourn"]
[EventRounds "9"]
[EventCountry "GER"]
[EventCategory "19"]
[SourceTitle "CBM 150"]
[Source "ChessBase"]
[SourceDate "2012.09.14"]
[SourceVersion "1"]
[SourceVersionDate "2012.09.14"]
[SourceQuality "1"]

1. d4 Nf6 2. c4 g6 3. Nc3 Bg7 4. e4 d6 5. Nf3 O-O 6. Be2 e5 7. O-O Na6 8. Be3
Ng4 9. Bg5 Qe8 10. Re1 exd4 11. Nxd4 Qe5 12. Nf3 Qc5 13. Bh4 Be6 14. Nd2 {
This system was examined by GM Dejan Bojkov in CBM 141.} h5 $5 (14... Bxc3 15.
bxc3 Ne5 {1/2 Korotylev,A (2616)-Kokarev,D (2551)/Krasnoyarsk 2007/CBM 120} 16.
Nb3 Qb6 17. Rb1 Bxc4 18. Bxc4 Nxc4 19. Bf6 $36) (14... Ne5 15. Nd5 (15. Rc1 Qb6
16. Rb1 Nc5 17. Qc2 a5 18. Be7 Rfe8 19. Bg5 c6 20. Be3 Qd8 21. Rbd1 Qh4 $132 {
0-1 Bauer,C (2602)-McShane,L (2619)/Germany 2003/EXT 2004 (51)}) (15. Nb3 Qb6
16. Nd5 Bxd5 17. cxd5 (17. Qxd5 Nd7 18. Qd2 Ndc5 19. Bf3 Nxb3 20. axb3 Nc5 $17
{0-1 Collas,D (2365)-Berthelot,Y (2295)/France 1997/EXT 1999 (72)}) 17... Nd7
$1 (17... Nc5 18. Nxc5 Qxc5 {0-1 Zhigalko,A (2601)-Ivkina,O (2272)/St
Petersburg 2009/CBM 132 Extra (58)} 19. Bg5 $14 {[%cal Yg5e3]}) 18. Bg5 {
1/2 De Jong,J (2474)-Brandenburg,D (2435)/Hilversum 2008/CBM 124}) 15... Qd4 $1
(15... Bxd5 16. cxd5 Qb6 17. Rb1 Nb4 18. Nc4 Nxc4 19. Bxc4 a5 20. a3 Na6 21.
Bg5 Qd4 22. Qc2 Nc5 23. Bb5 Rfc8 24. Bd2 $1 $16 {1-0 Gurevich,M (2633)
-Stubberud,O (2231)/Tromsoe 2007/CBM 119 ext (32)}) 16. Rb1 (16. Bg5 {1-0
Nikolov,S (2394)-Bojkov,D (2509)/Pleven 2005/CBM 106 ext (47)} Qxb2 17. Rb1
Qxa2 18. Ra1 Qb2 $11) 16... Bxd5 17. cxd5 Nc5 18. Bf1 a5 $5 $132 (18... f5 19.
b4 Na4 20. Qxa4 (20. Qc2 $6 Bh6 21. Red1 Nc3 22. Nb3 Qxe4 23. Qxc3 Qxh4 $15 {
0-1 Van Wely,L (2618)-Kleijn,C/Netherlands 2008/CBM 127 Extra (51)}) 20... Qxd2
21. exf5 gxf5 {[%csl Rh4][%cal Rd2h6,Rf5f4]} 22. Bg3 Qxd5 23. Bxe5 dxe5 24.
Rbc1 $44 {D.Bojkov})) 15. Nb3 Qb6 16. Bxg4 Bxg4 17. Qd3 $6 {After this
careless move Black seizes the initiative.} (17. Qd2 $142 Be6 18. Nd5 Bxd5 19.
cxd5 Rae8 $132 {[%cal Yf7f5,Yb6b4]}) 17... Nb4 $1 18. Qb1 {[%csl Ra1,Rb1]} (18.
Qd2 Nxa2) 18... a5 $1 $146 (18... Rfe8 $143 19. Bg5 c5 20. Nd2 Be6 21. Be3 Nc6
22. Rc1 Nd4 23. Kh1 Rac8 {1/2 Bernal Moro,L (2424)-Torrecillas Martinez,A 
(2365)/Sabadell 2008/CBM 126}) 19. Nd2 (19. a3 Nc6 20. Nd2 Ne5 $36 21. Nd5 $140
Qd4) 19... Qd4 (19... Bh6 $142 $1 20. Nf1 Be6 {[%cal Rg6g5,Re6c4] , and White
can hardly avoid material losses.}) 20. Bg5 Qd3 21. Nd5 Qxb1 22. Raxb1 Nxd5 23.
cxd5 a4 24. Rec1 $6 {[%csl Rb1]} (24. Rbc1 $142 Rfc8 25. h3 Bd7 26. Bf4) 24...
Rfc8 25. Be3 $2 {[%mdl 8192]} (25. f3 Bd7 26. Be3 {although Black keeps a
strong initiative after} f5 $1) 25... Be2 {White loses an exchange. He now
decided to stop resistance. It could still be rendered after} (25... Be2 26. b4
$1 Bd3 27. b5 Bxb1 28. Nxb1 f5 $1 29. Nd2 {but, of course, Black's win is a
matter of technique.}) 0-1

[Event "Saint Louis SPICE Cup 6th"]
[Site "Saint Louis"]
[Date "2012.10.14"]
[Round "2"]
[White "Meier, Georg"]
[Black "Ding, Liren"]
[Result "1-0"]
[WhiteElo "2646"]
[BlackElo "2702"]
[Annotator "Meier,Georg"]
[PlyCount "127"]
[EventDate "2012.10.13"]
[EventType "tourn"]
[EventRounds "10"]
[EventCountry "USA"]
[EventCategory "18"]
[SourceTitle "CBM 151"]
[Source "ChessBase"]
[SourceDate "2012.11.13"]
[SourceVersion "1"]
[SourceVersionDate "2012.11.13"]
[SourceQuality "1"]

1. Nf3 Nf6 2. c4 g6 3. Nc3 Bg7 4. e4 {Der Grund für meine Zugreihenfolge ist
das Vermeiden von Grünfeldindisch. Diese Berechenbarkeit in der Wahl meines 1.
Zuges wurde wenig später in der Partie gegen Vachier-Lagrave bestraft.} d6 5.
d4 O-O 6. Be2 e5 7. O-O exd4 {Also kein echtes Königindisch. Damit war meine
Vorbereitung (7...Nc6 usw.) zwar umschifft, aber ich habe sicher nichts
einzuwenden, wenn mein Gegner das Zentrum aufgeben möchte.} 8. Nxd4 Re8 9. f3
c6 10. Kh1 Nh5 $5 {Ich bin kein Fan der schwarzen Spielanlage in Verbindung
mit 7...exd4, aber der Textzug ist nicht so zahnlos, wie es scheint. Wenn
beide Seiten nur danach streben, ihre Entwicklung zu beenden, wird der weiße
Raumvorteil mehr und mehr ins Gewicht fallen und den strategischen Vorteil des
Weißen stabilisieren. Ding strebt auf sehr konkrete und originelle Weise nach
Gegenspiel, solange sich dafür noch die Gelegenheit bietet.} 11. g4 (11. Be3 f5
) 11... Nf6 (11... Qf6 12. Be3 Nf4 13. Nf5) 12. Be3 Qe7 $5 $146 {Bis hierher
spielte Ding a tempo. Wir können davon ausgehen, dass seine Hauptidee in der
spektakulären Antwort auf 13.Dd2 lag.} (12... h5 {Wird hier fast
ausschließlich gespielt, brächte mich aber nicht gerade ins Schwitzen.}) 13.
Rg1 $1 {Als ich diesen Zug sah, fühlte er sich absolut richtig an. Ich
entkräfte nicht nur jegliches Schlagen auf g4 sondern stelle die Weichen
bereits auf Angriff in der g-Linie. Ein Springeropfer auf f5 muss Schwarz nun
jederzeit auf der Rechnung haben.} ({Der natürliche Entwicklungszug} 13. Qd2 {
läuft in einen messerscharfen Konter:} Bxg4 $1 14. fxg4 Nxe4 15. Nxe4 Qxe4+ 16.
Rf3 Bxd4 {Soweit hatte ich gerechnet und 'glaubte' meinem Gegner den Rest.
Offenbar ergibt sich forciert ein Endspiel, dass Schwarz problemlos remis
halten sollte, wenn es Teil der Vorbereitung ist.} 17. Bxd4 Qxe2 18. Qf4 f5 19.
Raf1 (19. gxf5 Re4 20. fxg6 Rxf4 21. gxh7+ Kxh7 22. Rxf4 Nd7 23. Rg1 Qh5) 19...
Nd7 20. gxf5 Re4 21. Qh6 Rxd4 22. fxg6 Qe7 23. Rg3 Nf6 24. gxh7+ (24. Rxf6 Qe1+
25. Kg2 Qd2+) 24... Kh8 25. Rxf6 Qe1+ 26. Kg2 Qd2+ 27. Qxd2 Rxd2+ 28. Rf2 Rxf2+
29. Kxf2 Kxh7 30. Re3 Kg6 31. Re7 Rb8 32. Re6+ Kf5 33. Rxd6 Rh8 34. Kg3 Rg8+
35. Kf3 Rh8 36. Rd2 a5 {Der h-Bauer kommt nicht voran, und der weiße König ist
dominiert. Es ist schwer, überhaupt Gewinnversuche zu unternehmen.}) 13... Na6
14. Rg2 {Die Reihenfolge ist falsch.} (14. Qd2 $142 $1 Nc5 {Erst hier ist
neuerliche Prophylaxe gegen Einschläge auf g4 und e4 nötig} 15. Rg2 $1 $14 {
Aus eröffnungstheoretischer Sicht wohl die Widerlegung. Schwarz kann sich
nicht befreien. Dafür müsste er an dieser Stelle a5 und h5 spielen können.} Bd7
(15... a5 16. Rag1 {/\Nf5}) (15... h5 {wird hier bereits sehr hart bestraft:}
16. b4 Ncxe4 (16... Ncd7 17. gxh5 Nxh5 18. b5) 17. Nxe4 Nxe4 18. fxe4 c5 19.
Nf5 Bxf5 20. gxf5 Bxa1 21. fxg6 f5 22. exf5) (15... d5 16. g5) 16. Rd1 (16.
Rag1 d5 $1 17. cxd5 (17. g5 Nfxe4 18. fxe4 Bh3 19. Rg3 Nxe4) 17... Nxd5) 16...
Rad8 17. b4) 14... h5 $1 15. gxh5 $1 {Die Öffnung der g-Linie gehört zum
weißen Plan, allerdings hat Schwarz aufgrund des verfrühten Rg1-g2 viel Zeit,
sich auf die neue Bauernstruktur einzustellen.} Nxh5 16. Qd2 Bh3 ({In Betracht
kam} 16... Nc5 17. Rag1 Qf6 $5 18. Bd1 Nf4 19. Rg3 {doch Schwarz hat immer
noch Probleme zu lösen.}) 17. Rg5 Nf6 18. Rag1 Nc5 {Schwarz scheint nach und
nach alles unter Kontrolle zu bringen. Die Entwicklung ist so gut wie beendet
und ein erleichternder Abtausch durch Nc5-e6 bahnt sich an.} 19. Bd3 $1 {
Ein sehr starker Zug, und der einzige der den weißen Vorteil festhält. Auf e2
ist der Läufer eine nutzlose Figur, nun soll er von c2 aus das Zentrum stützen
und gleichzeitig nach g6 schielen... Ebenso wichtig ist die nun mögliche
Umgruppierung Nc3-e2-f4 wiederum mit Blickrichtung g6.} Rad8 (19... Nxd3 $142
20. Qxd3 Nd7 21. R5g3 $14) 20. Bc2 d5 $1 {Jetzt oder nie! Von nun an mit den
kompliziertesten Momenten der Partie konfrontiert, schlitterten wir leider
beide auf eine schwere Zeitnot zu, sodass es unmöglich wurde die Verwicklungen
zu überblicken.} (20... Ne6 21. R5g3 Nxd4 22. Bxd4 Be6 23. f4) 21. e5 (21. cxd5
$1 {Mein Gefühl sagte mir, dass dies der korrekte Weg ist, aber der Textzug
war ungleich verlockender...} Nxd5 22. Nxd5 Rxd5 {So viel Vereinfachung wollte
ich einfach nicht zulassen.} (22... cxd5 23. e5 $1 Bxe5 24. Bxg6 fxg6 25. Rxg6+
Kf7 26. Bg5) 23. exd5 (23. R5g3 Rh5 24. b4 Ne6 25. Nf5 gxf5 26. Bd4 Rd8 27.
exf5 Bxf5 28. Bxf5 Rxf5 29. Bxg7 Rxd2 30. Bf6+ Ng5 31. Bxe7 f6) 23... Qxe3 24.
Qxe3 Rxe3 25. Bxg6 $1 {Diese Möglichkeit war mir entgangen. Schwarz schlittert
nahe am Abgrund, kann sich jedoch halten.} (25. dxc6 Bxd4 26. Rd5 Bxb2 27. Rxc5
bxc6) 25... fxg6 26. Rxg6 Re7 27. dxc6 bxc6 28. Nxc6 Rc7 29. R1g3 Ne6 30. Rxh3
Rxc6 31. f4 Rc1+ 32. Rg1 Rxg1+ 33. Kxg1 Bxb2 $14) 21... dxc4 22. Bxg6 $1 (22.
exf6 $2 Qxe3 23. Qxe3 Rxe3 24. fxg7 Rxd4 25. Rxc5 Rxf3) 22... fxg6 23. Rxg6 Nh5
$2 (23... Ng4 $1 {Diesen Knaller hatte ich ehrlich gesagt völlig übersehen.
Der Gang der Ereignisse hätte sich völlig verändert. Durch das Verstopfen der
g-Linie wird die weiße Initiative gestoppt und ein wildes Hauen und Stechen
mit Chancen für beide Seiten hätte begonnen.} 24. f4 (24. fxg4 Qxe5 25. Bh6
Qxd4 26. Qxd4 Rxd4 27. Rxg7+ Kh8 28. Rg5 Kh7 29. Rxc5 Bxg4 30. Rxg4 Rxg4 31. h3
$11) ({Wegen} 24. Bh6 {hatte mein Gegner 23...Ng4 verworfen. Tatsächlich
übernimmt aber Schwarz das Kommando nach} Ne6 25. Bxg7 (25. Rxe6 $142 Qxe6 26.
Bxg7 Rxd4 27. Qxd4 Kxg7 28. Ne2 $1 $11) 25... Nxg7 26. fxg4 Qxe5) 24... Ne6 25.
Ne4 c5 26. Rxe6 Qxe6 27. Nxe6 Rxd2 28. Bxd2 Rxe6 29. Rg3 Rh6 30. Ng5 Nxe5 31.
fxe5 Bf5 32. Bc3 Rh5 33. e6 Bxc3 34. e7 Bd7 35. bxc3 Kg7 36. Kg1 $11) 24. f4 $5
{Weiter maximalistisch gespielt. Der objektiv richtige Weg war mir wiederum
nicht genug.} (24. Bh6 $142 Ne6 25. Bxg7 Nexg7 26. Qh6 Qxe5 27. Nxc6 bxc6 28.
R6g5 Qxg5 29. Qxg5 Kf8 30. Qc5+ Re7 31. Qxc4 Ne6 $13) 24... Ne6 25. Qe2 {
Diese Stellung hatte ich angestrebt, der Druck auf die schwarze Stellung
erschien mir überwältigend zu sein.} Nhxf4 26. Bxf4 Nxf4 $2 {Nun bricht
Schwarz tatsächlich zusammen.} ({Richtig war} 26... Rxd4 27. Bh6 Rf8 $1 {
Kaltblütig und stark!} 28. Bxg7 Nxg7 {Die Stellung bleibt sehr kompliziert,
doch Schwarz, mit allen Figuren im Spiel, behauptet sich.} 29. Qe3 (29. Ne4
Qxe5 30. Nf6+ Qxf6 31. Rxf6 Rxf6 32. Qe8+ Kh7 33. Qe3 Rd3 34. Qe7 Rg6 35. Qh4+
Rh6 36. Qe7 Rg6 $11) 29... Rg4 30. R6xg4 Bxg4 31. Rxg4 b5) 27. Qxc4+ Nd5 $4 {
Mit wenigen Minuten auf der Uhr war es schwer, nun nicht den primitivsten Weg
zu wählen. An dieser Stelle gab es subtile Möglichkeiten sofort zu gewinnen.} (
27... Kh8 $1 28. Rxg7 Qxg7 29. Rxg7 Kxg7 30. Nf5+ Bxf5 31. Qxf4 Rf8 32. h4 $14)
28. Rxg7+ $2 (28. Nxd5 Rxd5 29. Qb3 $1 Qxe5 30. Rxg7+ Qxg7 31. Rxg7+ Kxg7 32.
Qg3+ Kf7 33. Qxh3 Rxd4 34. Qh5+ Kf8 35. Qc5+ $18) (28. Qd3 Nf4 29. Rxg7+ Qxg7
30. Rxg7+ Kxg7 31. Qg3+ Ng6 32. Nce2 $1 $18) 28... Qxg7 29. Rxg7+ Kxg7 30. Qd3
Nf4 $2 ({Mit} 30... Nxc3 31. bxc3 Rh8 {konnte sich Schwarz noch zäh
verteidigen. Es bedarf hier von Weiß großer Präzision aufgrund des eigenen
schwachen Königs.} 32. e6 Rdf8 33. Qg3+ Kf6 34. Qd6 Rfg8 35. Qf4+ Ke7 36. Qc7+
Kf6 37. Qf7+ Ke5 38. Nf3+ Kd5 39. Qd7+ Ke4 40. Ng5+ Rxg5 41. Qd4+ Kf5 42. Qxh8
Bg2+ 43. Kg1 Bd5+ 44. Kf2 Kxe6 45. h4 $18) 31. Qg3+ Ng6 {Nun musste ich mit
jeweils guten 30 Sekunden die nächsten Entscheidungen treffen.} 32. Nce2 $1 {
Dies sollte die entscheidende Umgruppierung sein, doch...} Rxe5 33. Qxh3 {
Hier gingen die Nerven mit mir durch... Die folgende Taktik mit Übergang in
ein remisliches Endspiel sah ich sofort, aber in den verbleibenden Sekunden
konnte ich mich nicht beruhigen und} ({nach} 33. Nf4 Rd6 {...einen Zug weiter
rechnen... Ich sah für einen Moment Gespenster in Form von Matt in 1. Das ist
zumindest für mich nicht leicht zu verarbeiten, wenn ich nur 30 Sekunden habe.}
34. Nxg6 $18) 33... Rxd4 34. Nxd4 Re1+ 35. Kg2 Nf4+ 36. Kf2 Nxh3+ 37. Kxe1 {
Noch vor ein paar Zügen war ich dabei, eine gut geführte Kampfpartie stilvoll
zu beenden. Es ist kaum zu glauben, dass diese Stellung und die nach
beispielweise 20...d5 zur selben Partie gehören. Nachdem ich mich sammelte 
(ich hatte gerade ein paar 30sek-Boni gehamstert), wurden mir zwei Dinge klar.
1. Kommt der schwarze König ohne Weiteres nach e5 wird das Remis
unausweichlich, der Damenflügel würde sich dann unter Schutz in Bewegung
setzen.  2. Ich muss sofort etwas unternehmen und darauf hoffen, dass der
h-Bauer später genug Ablenkung schafft um Gewinnchancen zu generieren.} Kf6 38.
Nb3 $1 {In diesem Moment ist der Damenflügel noch schutzlos! Wir verlassen
zwar nicht die Remisbreite und die objektive Bewertung bleibt bei Ausgleich,
doch diese Partie hatte bereits viel Energie gekostet und bewegte sich auf die
fünfte Stunde zu. Jedes bisschen Druck kann entscheidend sein. Denn Druck
bedeutet letztlich, dass Schwarz weiter die besten Züge machen muss, um den
Ausgleich zu erhalten und sich nicht entspannen kann.} b6 39. Nd4 $1 c5 40. Nb5
(40. Nc6 a6 41. Nb8 Ke6 42. Nxa6 Kd6 {- 41.Nc7}) 40... a6 41. Nc3 $5 {Als ich
Nd4-b3 spielte, sah es so aus, als würde Na4 nun ein Problem darstellen,
tatsächlich hätte Schwarz sich hier endlich stabiliseren können.} (41. Nc7 Ke5
(41... Nf4 42. Kd2 a5 43. b3) 42. Nxa6 Kd6 43. a4 Kc6 44. b4 cxb4 45. Nxb4+ Kc5
46. Nd3+ Kc4 {schätzte ich als remis ab. Die Variante ist zu forciert und
macht es Schwarz damit einfach.}) 41... Ng5 $2 (41... Nf4 $1 {und Nc3-a4 wird
einfach mit Nf6-d5 abgefedert.}) 42. Ke2 {Jetzt wird es schwierig für Schwarz,
der keine Koordination mehr herstellen kann.} b5 43. Nd5+ Ke5 44. Nc7 $1 {
Hier ist der Bauernraub viel stärker als zuvor, denn der Springer kommt heraus,
ohne den a-Bauern anfällig zu hinterlassen.} Kd6 45. Nxa6 (45. h4 $2 Kxc7 46.
hxg5 Kd6 $11) 45... Kc6 46. b4 cxb4 47. h4 $2 {Erlaubt eine rettende Ressource.
} (47. Nxb4+ Kc5 48. h4 Ne6 49. Nd3+ Kd4 50. h5 Ke4 51. Kd2 Kf5 52. Kc3 Kg5 53.
Kb4 Nd4 54. Nc1 $18) 47... Ne4 $2 (47... b3 $1 {macht den a-Bauern zu einem
anfälligen b-Bauern in Reichweite des schwarzen Springers!} 48. axb3 Ne6 49.
Ke3 Kd5 50. Nb4+ Ke5) 48. Kd3 Ng3 49. Kc2 $1 {Eine saubere technische
Abwicklung. Der weiße König strebt bereits Richtung Zielscheibe b5 und lässt
den schwarzen Kollegen nicht aktiv werden.} (49. Nxb4+ Kc5 50. Nc2 b4) 49...
Kb6 50. Nxb4 Ka5 51. Kb3 {Nun ist die Stellung idiotensicher gewonnen. Dies
wird besonders durch meine nächsten 3 Züge unterstrichen, deren Erklärung ich
dem Leser ersparen möchte.} Nh5 52. Nc2 (52. Nd5 {hätte zur sofortigen Aufgabe
geführt.}) 52... Nf6 53. Ne1 Kb6 54. Nd3 Kc6 55. Nf4 Kd6 56. Kb4 Ke5 57. Ne2
Kf5 58. Kxb5 Kg4 59. a4 Nd5 60. Kc5 Nc7 61. Nc3 Kxh4 62. Nd5 Na6+ 63. Kb5 Nb8
64. Nb4 {Eine inhaltsreiche Partie, die mich zufriedenstellte, da ich unter
Druck einige schwierige und starke Entscheidungen traf. So macht Schach Spaß
und ich halte die Lust auf mehr davon aufrecht, auch wenn es schwer ist, in
solch nervenaufreibenden Partien den roten Faden immer festzuhalten.} 1-0